| 000 | 02116nam0a2200337 4500 | ||
|---|---|---|---|
| 001 | RU\NLR\BIBL_A\022093610 | ||
| 005 | 20240111152540.0 | ||
| 010 |
_a978-5-6050311-3-0 _950 |
||
| 021 |
_aRU _bКН-П-23-070574 _9КН-П-23-7159 |
||
| 035 | _a(NLR Aleph) 022093610 | ||
| 090 |
_a12724403 _c12724403 |
||
| 100 | _a20231211d2023 u y0rusy50 ca | ||
| 101 | 0 | _arus | |
| 102 | _aRU | ||
| 105 | _aa j 000yy | ||
| 181 | 0 |
_ai _baxxe |
|
| 182 | 0 | _an | |
| 200 | 1 |
_aПовышение стратегической конкурентоспособности промышленности _eучебное пособие _eдля студентов вуза, обучающихся по направлению подготовки "Менеджмент", "Государственное муниципальное управление" _fЕ. В. Щеглов _gМинистерство образования и науки Российской Федерации, Пермский филиал Института экономики Уральского отделения Российской академии наук |
|
| 203 |
_aТекст _bвизуальный _cнепосредственный |
||
| 210 |
_aПермь _c[б. и.] _d2023 |
||
| 215 |
_a160 с. _cил., табл. _d21 |
||
| 320 | _aБиблиогр.: с. 133-144 (119 назв.) | ||
| 606 | 1 |
_aПромышленность _jУчебные издания для высших учебных заведений _xСтратегическое управление _yРоссийская Федерация _92125754 _3RU\NLR\AUTH\661586878 |
|
| 606 | 1 |
_aПромышленность _jУчебные издания для высших учебных заведений _xКонкурентоспособность _yРоссийская Федерация _92400157 _3RU\NLR\AUTH\661430754 |
|
| 686 | 1 | _aУ30(2)-212(2Р)я73 | |
| 686 | 1 | _aУ30(2)-13(2Р)я73 | |
| 700 | 1 |
_aЩеглов _bЕ. В. _gЕвгений Вячеславович |
|
| 942 | _cBOOK | ||
| 980 | _aNB | ||